000 00473nam a22001697a 4500
999 _c63315
_d63315
005 20250811131418.0
008 250811c2022 ge ||||| |||| 00| 0 eng d
022 _a25875329
041 _aeng
245 _aJournal of Constitutional Law /
_cEditor M. Turava.
260 _aBatumi,
300 _aV.
653 _aსამართალი
653 _aკონსტიტუცია
700 _aTurava, M.
_eრედაქტორი
_925750
942 _2udc
_cCR